00624nam a2200169Ia 4500008004000000020001600040082001600056100001900072245007400091260004800165300001000213650003600223690001900259906001100278999001900289952014600308210210b2000 xxu||||| |||| 00| 0 eng d a019565302 5 a954.03 HEEN aHEEHS (Peter). aNationalism, terrorism, communalism. essays in modern Indian history. aNew Delhi.bOxford University Press.,c2000 ax,174 aModern India Freedom Struggle  aIndian History a057419 c105057d105057 001040708HistoryaALbALcHistoryd2021-02-17eBook World, Mangalore.g195.00l0o954.03 HEENp057419r2021-02-17 00:00:00w2021-02-17yBK